00212nam a2200073Ia 4500008004100000082000800041100001800049245007100067240331s9999 xx 000 0 und d bAFT aDe Mel, N. ed 0aAfter the waves :bthe impact of the Tsunami on women in Sri Lanka